00513nam a22001697a 450000500170000001000130001702000260003003500120005603700130006808200080008110000340008924500500012324600380017326000490021127000620026030000210032220230607104250.0 aUR-12027 a9789394616769c250.00 aU-10582 bDBAD/PUB a844 aاستھا نوی ، شکیل aذکر حیات /cشکیل استھا نوی aZikre Hayat /bby Shakil Asthanwi aDelhibEducational Publishing Housec2022 ء a3191, Vakil Street, Kucha Pandit, lal KuanbDelhie110006 a188 صc23cm(Hb)